| 000 | 00514nam a2200181Ia 4500 | ||
|---|---|---|---|
| 999 |
_c13474 _d13474 |
||
| 003 | OSt | ||
| 005 | 20201117153549.0 | ||
| 008 | 190216s9999||||xx |||||||||||||| ||und|| | ||
| 020 | _a9780340398494 | ||
| 040 | _coclc | ||
| 082 |
_a428 _bBAN/A |
||
| 100 |
_aBanks, R A _96598 |
||
| 245 | 0 |
_aAdvanced Level English Language / _cR A Banks ; F D A Burns |
|
| 260 |
_bHodder And Stoughton, _c1987. _aLondon; |
||
| 300 | _a222p | ||
| 650 | _aEnglish | ||
| 942 |
_cBK _2ddc _h428 _iBAN/A _k428 _mBAN/A |
||